| 000 | 00927nam a2200229Ia 4500 | ||
|---|---|---|---|
| 001 | 15754 | ||
| 003 | GE_BSU | ||
| 008 | 181216s||||||||xx |||||||||||||| ||und|| | ||
| 040 | _cGE_BSU | ||
| 080 | _a821.353.1-31 | ||
| 100 | _aხალვაში, ფრიდონ | ||
| 245 | _aთხზულებანი 3 ტომად. ტ.2 | ||
| 245 | _bრომანები. წყალს ნაფოტი ჩამოჰქონდა. შეიძლება თუ არა მუსლიმანი იყოს ქართველი | ||
| 245 | _cრედ.ლ.ნანიტაშვილი. მხატვ.თ.შარიფაშვილი | ||
| 260 | _aთბილისი | ||
| 260 | _bსაქართველო | ||
| 260 | _c2000 | ||
| 300 | _a6565გვ.1ფ.პორტრ.20ლ. | ||
| 541 | _h20ლ. | ||
| 653 | _aლექსები, პოემები | ||
| 942 | _cBK | ||
| 999 |
_c48852 _d48852 |
||